[Event "Gatineau Feuille d'Erable"]
[Site "Gatineau"]
[Date "2018.11.06"]
[Round "3"]
[White "Bastien, Andre"]
[Black "Rioux, Jocelyn"]
[Result "1/2-1/2"]
[WhiteElo "1815"]
[BlackElo "1665"]
[PlyCount "51"]
[EventDate "2018.10.23"]
[EventType "swiss"]
[EventRounds "5"]
[EventCountry "CAN"]
[SourceTitle "EXT 2022"]
[Source "ChessBase"]
[SourceDate "2021.10.06"]
[SourceVersion "1"]
[SourceVersionDate "2021.10.06"]
[SourceQuality "1"]

1. d4 Nf6 2. Nf3 d5 3. e3 e6 4. Bd3 c5 5. b3 Nc6 6. Bb2 cxd4 7. exd4 Bd6 8. 0-0 0-0 9. Ne5 Qc7 10. Qe2 Nb4 11. Rd1 Nxd3 12. Rxd3 b6 13. Rc3 Qe7 14. Nd2 Bb7 15. Rh3 Rac8 16. c3 Ne4 17. Nxe4 dxe4 18. Qh5 h6 19. Rg3 f6 20. Bc1 fxe5 21. Bxh6 Rf7 22. Bg5 Qc7 23. Rh3 Rf5 24. Qh7+ Kf7 25. Qh5+ Kg8 26. Qh7+ 1/2-1/2

[Event "Gatineau Rentree Hull"]
[Site "Gatineau"]
[Date "2018.09.25"]
[Round "3"]
[White "Danilov, Alex"]
[Black "Bastien, Andre"]
[Result "1-0"]
[WhiteElo "1663"]
[BlackElo "1857"]
[PlyCount "95"]
[EventDate "2018.09.11"]
[EventType "swiss"]
[EventRounds "5"]
[EventCountry "CAN"]
[SourceTitle "EXT 2022"]
[Source "ChessBase"]
[SourceDate "2021.10.06"]
[SourceVersion "1"]
[SourceVersionDate "2021.10.06"]
[SourceQuality "1"]

1. Nf3 Nf6 2. c4 e6 3. Nc3 d5 4. e3 c6 5. b3 Bd6 6. Bb2 0-0 7. Qc2 Nbd7 8. Rg1 e5 9. g4 e4 10. Nd4 c5 11. Nf5 Ne5 12. Be2 Nfxg4 13. Nxd6 Qxd6 14. Nb5 Qf6 15. 0-0-0 Nd3+ 16. Bxd3 exd3 17. Qxd3 d4 18. exd4 Nxf2 19. Qg3 Nxd1 20. Kxd1 Qg6 21. Nc7 Qxg3 22. Rxg3 Rb8 23. d5 f6 24. d6 Bd7 25. Nd5 Kf7 26. d4 b5 27. dxc5 bxc4 28. Nc7 cxb3 29. axb3 Rb4 30. Re3 Kg6 31. Re7 Rf7 32. Nd5 Rxb3 33. Nf4+ Kf5 34. Rxf7 Ba4 35. Rxa7 Bc6 36. Kc2 Rf3 37. Nd3 Be4 38. Ra3 Ke6 39. Kd2 g5 40. Ke2 Rf5 41. Ra7 Bxd3+ 42. Kxd3 Rxc5 43. Ba3 Rd5+ 44. Ke3 h5 45. Re7+ Kf5 46. Re4 Ra5 47. Bb4 Ra1 48. d7 1-0

[Event "Outaouais-ch Reserve"]
[Site "Gatineau"]
[Date "2017.04.25"]
[Round "2"]
[White "Berthiaume, Serge"]
[Black "Bastien, Andre"]
[Result "0-1"]
[WhiteElo "1518"]
[BlackElo "1829"]
[PlyCount "86"]
[EventDate "2017.04.18"]
[EventType "swiss"]
[EventRounds "7"]
[EventCountry "CAN"]
[SourceTitle "EXT 2022"]
[Source "ChessBase"]
[SourceDate "2021.10.06"]
[SourceVersion "1"]
[SourceVersionDate "2021.10.06"]
[SourceQuality "1"]

1. c4 b6 2. Nc3 Bb7 3. e4 c5 4. Nf3 g6 5. g3 Bg7 6. Bg2 Nc6 7. 0-0 e5 8. a3 Nge7 9. Nd5 0-0 10. d3 f5 11. b4 h6 12. Rb1 d6 13. Nh4 Nxd5 14. exd5 Ne7 15. f4 exf4 16. Bb2 fxg3 17. hxg3 g5 18. Nf3 Ng6 19. bxc5 dxc5 20. Bxg7 Kxg7 21. Qc2 Qd6 22. Rbe1 Rfe8 23. Qc3+ Kh7 24. Rxe8 Rxe8 25. Kf2 Bc8 26. Re1 Rxe1 27. Qxe1 g4 28. Qe8 Qd7 29. Qxd7+ Bxd7 30. Nh4 Nxh4 31. gxh4 f4 32. Be4+ Kg7 33. Ke2 Kf6 34. Bh7 Ke5 35. Bg8 b5 36. Bf7 Bf5 37. h5 Bd7 38. Be6 Bxe6 39. dxe6 Kxe6 40. cxb5 Kd6 41. a4 a6 42. bxa6 Kc7 43. a5 Kb8 0-1

[Event "Gatineau Rentree-A"]
[Site "Gatineau"]
[Date "2016.09.20"]
[Round "2"]
[White "Bastien, Andre"]
[Black "Danilov, Alex"]
[Result "1-0"]
[WhiteElo "1840"]
[BlackElo "1761"]
[PlyCount "83"]
[EventDate "2016.09.13"]
[EventType "swiss"]
[EventRounds "5"]
[EventCountry "CAN"]
[SourceTitle "EXT 2022"]
[Source "ChessBase"]
[SourceDate "2021.10.06"]
[SourceVersion "1"]
[SourceVersionDate "2021.10.06"]
[SourceQuality "1"]

1. d4 Nf6 2. c4 e6 3. Nc3 Bb4 4. g3 Ne4 5. Qc2 d5 6. Bg2 Nc6 7. Nf3 0-0 8. 0-0 Nxc3 9. bxc3 Be7 10. e4 dxe4 11. Qxe4 Bd7 12. d5 Na5 13. Bf4 exd5 14. cxd5 Bf6 15. Rac1 Re8 16. Qd3 g5 17. Bd2 b5 18. Nd4 c6 19. Qf3 Nc4 20. Be3 Ne5 21. Qd1 cxd5 22. Bxd5 Bg4 23. Qb3 Rb8 24. Bg2 Qc8 25. Qc2 b4 26. c4 Bd7 27. Be4 Ng6 28. Bd5 Ne7 29. Bg2 a5 30. Qd2 h6 31. f4 g4 32. f5 Bxd4 33. Qxd4 Nxf5 34. Qxg4+ Ng7 35. Qf4 Nf5 36. Ba7 Rb7 37. Bf2 Qb8 38. Qd2 Rc7 39. g4 Ng7 40. Qxh6 Bxg4 41. Bd4 f5 42. Bd5+ 1-0

[Event "Gatineau Rentree-A"]
[Site "Gatineau"]
[Date "2016.09.13"]
[Round "1"]
[White "Rose, Richard1111"]
[Black "Bastien, Andre"]
[Result "1/2-1/2"]
[WhiteElo "2042"]
[BlackElo "1840"]
[PlyCount "119"]
[EventDate "2016.09.13"]
[EventType "swiss"]
[EventRounds "5"]
[EventCountry "CAN"]
[SourceTitle "EXT 2022"]
[Source "ChessBase"]
[SourceDate "2021.10.06"]
[SourceVersion "1"]
[SourceVersionDate "2021.10.06"]
[SourceQuality "1"]

1. e4 c5 2. Nf3 d6 3. d4 cxd4 4. Nxd4 Nf6 5. Bd3 e6 6. 0-0 Be7 7. c4 a6 8. Nc3 Nc6 9. Be3 0-0 10. Qf3 Ne5 11. Qe2 Bd7 12. h3 Rc8 13. f4 Nxd3 14. Qxd3 e5 15. Nde2 Qc7 16. b3 Bc6 17. Rac1 b6 18. Ng3 Rfd8 19. Nf5 Bf8 20. a4 Qb7 21. Nd5 Bxd5 22. cxd5 b5 23. a5 Rxc1 24. Rxc1 Rc8 25. Ng3 Rxc1+ 26. Bxc1 Qc7 27. Bd2 Qc5+ 28. Kh2 exf4 29. Bxf4 Qf2 30. Be3 Qe1 31. Bd2 Qd1 32. Qe3 Nd7 33. Nf5 Ne5 34. Bb4 Qa1 35. Nxd6 Nd7 36. Qf4 f6 37. Bd2 g5 38. Qg3 Qb2 39. Be1 Qe2 40. Bc3 h6 41. h4 Kh7 42. hxg5 fxg5 43. e5 Qh5+ 44. Qh3 Qxh3+ 45. Kxh3 Bxd6 46. exd6 Kg6 47. Kg4 h5+ 48. Kf3 h4 49. Bd4 Kf5 50. Bc3 g4+ 51. Ke3 h3 52. gxh3 gxh3 53. Kf3 h2 54. Kg2 h1Q+ 55. Kxh1 Ke4 56. Kg2 Kd3 57. Be1 Kd4 58. Kf3 Kxd5 59. Bb4 Ne5+ 60. Ke3 1/2-1/2